Statistics for Football (Soccer) Positions

Click here to take the quiz!

General Stats

  • This quiz has been taken 57 times
  • The average score is 17 of 22

Answer Stats

AbbreviationPosition% Correct
GKGoalkeeper
96%
LBLeft Back
94%
LWLeft Wing
93%
LWBLeft Wing Back
91%
RBRight Back
89%
RWRight Wing
87%
LMLeft Mid
85%
RWBRight WIng Back
83%
RMRight Mid
80%
LCBLeft Centre Back
76%
RCBRight Centre Back
76%
CMCentre Mid
72%
LCMLeft Centre Mid
72%
STStriker
69%
LFLeft Forward
67%
LSLeft Striker
67%
RSRight Striker
67%
RCMRight Centre Mid
65%
RFRight Forward
63%
CAMCentre Attacking Mid
61%
CDMCentre Defensive Mid
59%
CFCentre Forward
59%

Score Distribution

Percentile by Number Answered

Percent of People with Each Score

Your Score History

You have not taken this quiz